000 00847nam a2200193Ia 4500
008 151121s9999||||xx |||||||||||||| ||und||
082 _a814/जांभेक
082 _bHNW-11605
100 _aजांभेकर ग। गं।
245 _aम। गांधी व हिंदुस्थान सरकार । । । । । ।
260 _b"सुलभ राष्ट्रीय ग्रंथमाला, पुणे।"
260 _c--
300 _a48
600 _aजांभेकर ग। गं।
630 _aम। गांधी व हिंदुस्थान सरकार । । । । । ।
700 _aजांभेकर ग। गं।
730 _aम। गांधी व हिंदुस्थान सरकार । । । । । ।
942 _cBOOK
999 _c1216397
_d1216394